Statystyki dla Podział administracyjny Niemiec

Kliknij tutaj aby rozwiązać quiz!

Ogólne statystyki

  • Ten quiz został rozwiązany 492 razy
  • Średni wynik to 8 z 16

Statystyki odpowiedzi

HintOdpowiedź% Poprawnych
MiastoBerlin
97%
LandBawaria
87%
MiastoHamburg
85%
LandSaksonia
75%
MiastoBrema
62%
LandBrandenburgia
58%
LandDolna saksonia
45%
LandHesja
40%
LandSaara
39%
LandSaksonia-anhalt
38%
LandTuryngia
36%
LandSzlezwik-holsztyn
35%
LandNadrenia północna-westfalia
29%
LandMeklemburgia-pomorze przednie
28%
LandBadenia-wirtembergia
26%
LandNadrenia-Palatynat
26%

Rozkład punktacji

Percentyl według liczby udzielonych odpowiedzi

Procent ludzi z każdym wynikiem

Twoja historia wyników

Nie rozwiązałeś tego quizu